Länder ohne Todesstrafe #2 - Statistiken

Allgemein
  • Dieses Quiz wurde 10 mal gespielt
  • Das Durchschnittsergebnis liegt bei 7 aus 20
Antwortstatistiken
Jahr Land % Korrekt
2009 Burundi
60%
2023 Ghana
60%
2016 Mongolei
60%
2015 Republik Kongo
60%
2010 Gabun
50%
2016 Guinea
50%
2020 Tschad
50%
2012 Benin
40%
2018 Burkina Faso
40%
2021 Malawi
40%
2022 Sambia
40%
2022 Äquatorialguinea
30%
2014 Madagaskar
30%
2017 Guatemala
20%
2021 Sierra Leone
20%
2015 Suriname
20%
2022 Zentralafrikanische Republik
20%
2017 Eswatini
10%
2016 Nauru
10%
2022* Papua-Neuguinea
10%
Keine übereinstimmenden Quizze gefunden
Verteilung der Resultate
Anzahl Personen mit jedem Resultat
Perzentil nach korrekt beantworteten Fragen
Ihre Resultats-Entwicklung
Sie haben dieses Quiz noch nicht gespielt